000 00217 a2200109 4500
001 51156
040 _cAnchieta - Pituba
240 1 0 _aEswar einmal
_l
245 1 0 _aEswar einmal
650 4 _aLíngua alemã
942 _cMX
999 _c51156
_d51156